La France au 16e siècle (notice n° 2186447)

détails MARC
000 -LEADER
fixed length control field 01728cam a2200133 4500500
005 - DATE AND TIME OF LATEST TRANSACTION
control field 20260405064232.0
041 ## - LANGUAGE CODE
Language code of text/sound track or separate title fre
042 ## - AUTHENTICATION CODE
Authentication code dc
100 10 - MAIN ENTRY--PERSONAL NAME
Personal name Cassan, Michel
Relator term author
245 00 - TITLE STATEMENT
Title La France au 16e siècle
260 ## - PUBLICATION, DISTRIBUTION, ETC.
Name of publisher, distributor, etc. Armand Colin,<br/>
Date of publication, distribution, etc. 2005.<br/>
520 ## - SUMMARY, ETC.
Summary, etc. Le legs fait à la postérité par le XVIe est capital : confession protestante, réalisations artistiques et corpus d’idées et de théories politiques à l’étonnante vigueur.Le royaume connaît jusqu’aux années 1560 un climat de paix intérieure et de prospérité dans lequel s’épanouit la Renaissance. Cette période où fleurissent les arts et les lettres est pourtant aussi un temps d’angoisse, de doutes, d’interrogations sur le jugement dernier, le salut de l’âme.Elle voit l’éclatement des troubles religieux, après l’échec du roi pour éviter la guerre civile et le triomphe de l’intransigeance religieuse des hommes de dieu, bientôt mués en « fous de dieu ». Le royaume traverse alors quarante années, de tensions et de troubles civils, huit guerres, et affronte des massacres, le plus terrible - la Saint Barthélemy - étant perpétré à Paris en août 1572. Le conflit atteint son apogée de 1584 à 1594 avant qu’Henri de Navarre ne devienne un « roi de raison » accepté par l’écrasante majorité des Français. La soumission du dernier grand noble ligueur, le duc de Mercoeur, la publication de l’édit de Nantes et la signature de la paix de Vervins ferment au printemps 1598 un siècle de fer.Michel Cassan est professeur d’histoire moderne à l’université de Limoges.
856 41 - ELECTRONIC LOCATION AND ACCESS
Uniform Resource Identifier <a href="https://shs.cairn.info/la-france-au-16e-siecle--9782200264024?lang=fr&redirect-ssocas=7080">https://shs.cairn.info/la-france-au-16e-siecle--9782200264024?lang=fr&redirect-ssocas=7080</a>

Pas d'exemplaire disponible.

PLUDOC

PLUDOC est la plateforme unique et centralisée de gestion des bibliothèques physiques et numériques de Guinée administré par le CEDUST. Elle est la plus grande base de données de ressources documentaires pour les Étudiants, Enseignants chercheurs et Chercheurs de Guinée.

Adresse

627 919 101/664 919 101

25 boulevard du commerce
Kaloum, Conakry, Guinée

Réseaux sociaux

Powered by Netsen Group @ 2025